[Event "Manizales op 27th"]
[Site "Manizales"]
[Date "2022.01.07"]
[Round "3"]
[White "Franco, Jhonier"]
[Black "Castano Olaya, Jair"]
[Result "1-0"]
[WhiteElo "1837"]
[BlackElo "1561"]
[PlyCount "113"]
[EventDate "2022.01.06"]
[EventType "swiss"]
[EventRounds "8"]
[EventCountry "COL"]
[SourceTitle "CBM 206 Extra"]
[Source "ChessBase"]
[SourceDate "2022.03.31"]
[SourceVersion "1"]
[SourceVersionDate "2022.03.31"]
[SourceQuality "1"]

1. e4 e5 2. Nf3 Nc6 3. Bb5 a6 4. Ba4 Nf6 5. 0-0 Nxe4 6. Re1 Nc5 7. Bxc6 dxc6 8. Nxe5 Be7 9. Nc3 0-0 10. d4 Ne6 11. Be3 f6 12. Nf3 Re8 13. d5 cxd5 14. Nxd5 Bd6 15. Qd3 Bd7 16. Rad1 Bc6 17. Qb3 Kh8 18. c4 Rb8 19. Qc2 Bxd5 20. Rxd5 c6 21. Rh5 Nf8 22. Rd1 Qc7 23. Nd4 Rbd8 24. g3 Be5 25. Rd2 Bxd4 26. Bxd4 Qf7 27. Rh4 Re1+ 28. Kg2 Qg6 29. Bc5 Rxd2 30. Qxd2 Re8 31. Bxf8 Rxf8 32. Qd7 Qf7 33. Rd4 Kg8 34. Qf5 g6 35. Qd3 b5 36. b3 Re8 37. c5 Re5 38. Rd8+ Re8 39. Rd6 Re6 40. h4 f5 41. h5 gxh5 42. Rd8+ Re8 43. Rxe8+ Qxe8 44. Qxf5 Kg7 45. Kh3 Qg6 46. Qd7+ Kh6 47. Qd6 Kg7 48. Qe7+ Kh6 49. Qf8+ Qg7 50. Qd6+ Qg6 51. Kh4 Kg7 52. Qe5+ Kh6 53. Qf4+ Kg7 54. Qg5 a5 55. Qxh5 Kf6 56. Qxg6+ hxg6 57. Kg4 1-0

[Event "COL pre olympic sf3"]
[Site "Dosquebradas"]
[Date "2018.06.03"]
[Round "8"]
[White "Viveros Torres, Erica Johana"]
[Black "Castano Olaya, Jair"]
[Result "1/2-1/2"]
[WhiteElo "1859"]
[BlackElo "1530"]
[PlyCount "136"]
[EventDate "2018.05.30"]
[EventType "swiss"]
[EventRounds "10"]
[EventCountry "COL"]
[SourceTitle "CBM 184 Extra"]
[Source "ChessBase"]
[SourceDate "2018.06.28"]
[SourceVersion "1"]
[SourceVersionDate "2018.06.28"]
[SourceQuality "1"]

1. e4 e5 2. Nf3 Nc6 3. Bb5 a6 4. Ba4 g6 5. d4 exd4 6. Nxd4 Bg7 7. Nxc6 bxc6 8. 0-0 Ne7 9. c3 0-0 10. Be3 Rb8 11. Bb3 d5 12. Bc5 Be6 13. Na3 Re8 14. Nc2 Qd7 15. exd5 cxd5 16. Nb4 a5 17. Bxe7 Rxe7 18. Ba4 Qd6 19. Nc6 Rxb2 20. Nxe7+ Qxe7 21. Qc1 Rb8 22. Qd2 Qa3 23. Bb3 c6 24. Qf4 Ra8 25. Qc7 Rc8 26. Qb7 a4 27. Rae1 Rf8 28. Bc2 Qxa2 29. Bb1 Qc4 30. Rc1 Bh6 31. Rc2 Bf4 32. Qa7 Bf5 33. Ra2 Bxb1 34. Rxa4 Bxh2+ 35. Kxh2 Qxf1 36. Ra1 Qc1 37. Qb6 Qh6+ 38. Kg1 Bf5 39. Qxc6 Rc8 40. Qxd5 Rxc3 41. Re1 Rc8 42. Qd4 Qg7 43. Qd5 h5 44. Qb7 Rd8 45. Qc7 Ra8 46. Kh2 Rc8 47. Qf4 Rd8 48. Qc7 Qf8 49. Kg1 Rc8 50. Qe5 Qg7 51. Qe7 Rf8 52. Qd6 Be6 53. Qf4 Kh7 54. Re5 Qh6 55. Qf6 Qg7 56. Qf4 Kg8 57. Kh2 Rd8 58. Qe4 Bf5 59. Qe3 Qf8 60. g3 Be6 61. Qg5 Kg7 62. Qe3 Rd5 63. Rxd5 Bxd5 64. Qe5+ Kh7 65. Qxd5 f5 66. f4 Qf6 67. Qd7+ Qg7 68. Qe6 Qg8 1/2-1/2

[Event "COL pre olympic sf3"]
[Site "Dosquebradas"]
[Date "2018.06.01"]
[Round "5"]
[White "Castano Olaya, Jair"]
[Black "Lizarazo, Doris Liliana"]
[Result "0-1"]
[WhiteElo "1530"]
[BlackElo "1901"]
[PlyCount "31"]
[EventDate "2018.05.30"]
[EventType "swiss"]
[EventRounds "10"]
[EventCountry "COL"]
[SourceTitle "CBM 184 Extra"]
[Source "ChessBase"]
[SourceDate "2018.06.28"]
[SourceVersion "1"]
[SourceVersionDate "2018.06.28"]
[SourceQuality "1"]

1. e4 e5 2. Nf3 Nc6 3. d4 exd4 4. Nxd4 Bc5 5. Nb3 Bb6 6. Nc3 d6 7. Bb5 a6 8. Bc4 Ne5 9. Be2 Nf6 10. Bg5 h6 11. Bh4 g5 12. Bg3 Qe7 13. Qd2 Be6 14. h4 Nc4 15. Bxc4 Bxc4 16. 0-0-0 0-1

[Event "COL pre olympic sf3"]
[Site "Dosquebradas"]
[Date "2018.05.31"]
[Round "2"]
[White "Ordonez Gonzalez, Gabriel"]
[Black "Castano Olaya, Jair"]
[Result "1-0"]
[WhiteElo "1876"]
[BlackElo "1530"]
[PlyCount "87"]
[EventDate "2018.05.30"]
[EventType "swiss"]
[EventRounds "10"]
[EventCountry "COL"]
[SourceTitle "CBM 184 Extra"]
[Source "ChessBase"]
[SourceDate "2018.06.28"]
[SourceVersion "1"]
[SourceVersionDate "2018.06.28"]
[SourceQuality "1"]

1. c4 g6 2. g3 Bg7 3. Nc3 c6 4. Bg2 d6 5. a3 a5 6. Rb1 Nh6 7. h3 0-0 8. d3 f5 9. Bd2 e5 10. Qc1 Nf7 11. Nf3 Nd7 12. 0-0 Nf6 13. Ng5 Nh8 14. b4 h6 15. Nf3 axb4 16. axb4 Nf7 17. b5 Bd7 18. Ne1 e4 19. dxe4 Nxe4 20. Nxe4 fxe4 21. Bxe4 Bxh3 22. Ng2 Qe7 23. Bxg6 Qxe2 24. Bxf7+ Rxf7 25. Bxh6 Qf3 26. Nh4 Qh5 27. Bxg7 Bxf1 28. Kxf1 Rxg7 29. bxc6 bxc6 30. Qd1 Qf7 31. Qd3 Rd8 32. Re1 Ra8 33. Nf5 Qh5 34. Kg2 Rd7 35. Rh1 Qg5 36. Nh6+ Kf8 37. Rh4 Ke8 38. Qd4 Ke7 39. Re4+ Kd8 40. Qh8+ Kc7 41. Qxa8 Qxh6 42. Qa7+ Kc8 43. Re8+ Rd8 44. Qa8+ 1-0

[Event "Medellin Easter op 7th"]
[Site "Medellin"]
[Date "2017.04.15"]
[Round "6"]
[White "Castano Olaya, Jair"]
[Black "Hurtado Henao, Pablo"]
[Result "0-1"]
[WhiteElo "1516"]
[BlackElo "1604"]
[PlyCount "62"]
[EventDate "2017.04.12"]
[EventType "swiss"]
[EventRounds "8"]
[EventCountry "COL"]
[SourceTitle "CBM 177 Extra"]
[Source "ChessBase"]
[SourceDate "2017.04.27"]
[SourceVersion "1"]
[SourceVersionDate "2017.04.27"]
[SourceQuality "1"]

1. e4 e5 2. Nf3 Nc6 3. d4 exd4 4. Nxd4 Bc5 5. Nb3 Bb6 6. Qe2 d6 7. Be3 Nf6 8. f3 Be6 9. Nc3 Qe7 10. 0-0-0 Bxe3+ 11. Qxe3 a6 12. Qd2 0-0-0 13. Nd5 Bxd5 14. exd5 Na7 15. Qb4 Qe3+ 16. Kb1 Qb6 17. Qc3 Rhe8 18. Bc4 Re3 19. Qd2 Kb8 20. Nd4 Re5 21. Nb3 Rde8 22. Na5 Qe3 23. Qb4 Qb6 24. Qd2 Qe3 25. Qb4 Qb6 26. Qd2 Nc8 27. Bb3 Re2 28. Nc4 Rxd2 29. Nxb6 Rxd1+ 30. Rxd1 Nxb6 31. c4 Nbd7 0-1

[Event "Medellin Easter op 7th"]
[Site "Medellin"]
[Date "2017.04.13"]
[Round "3"]
[White "Laverde Uribe, Juan Gonzalo"]
[Black "Castano Olaya, Jair"]
[Result "1-0"]
[WhiteElo "1937"]
[BlackElo "1516"]
[PlyCount "53"]
[EventDate "2017.04.12"]
[EventType "swiss"]
[EventRounds "8"]
[EventCountry "COL"]
[SourceTitle "CBM 177 Extra"]
[Source "ChessBase"]
[SourceDate "2017.04.27"]
[SourceVersion "1"]
[SourceVersionDate "2017.04.27"]
[SourceQuality "1"]

1. e4 c5 2. Nf3 d6 3. d4 cxd4 4. Nxd4 Nf6 5. Nc3 a6 6. Bg5 e6 7. f4 Be7 8. Qf3 Nbd7 9. 0-0-0 Qc7 10. g4 h6 11. Bxf6 Bxf6 12. Bg2 g5 13. Kb1 gxf4 14. Nde2 Ne5 15. Qxf4 Bg5 16. Qg3 Bd7 17. Nf4 Qb6 18. Bf1 Rc8 19. Ka1 Qa5 20. h4 Bxf4 21. Qxf4 Rxc3 22. bxc3 Qxc3+ 23. Kb1 Qb4+ 24. Kc1 Qa3+ 25. Kd2 Nf3+ 26. Ke2 e5 27. Qxf3 1-0

[Event "Manizales Castro Memorial"]
[Site "Manizales"]
[Date "2015.12.20"]
[Round "6"]
[White "Castano Olaya, Jair"]
[Black "Zuluaga, Nicolas"]
[Result "0-1"]
[WhiteElo "1562"]
[BlackElo "1772"]
[PlyCount "66"]
[EventDate "2015.12.17"]
[EventType "swiss"]
[EventRounds "7"]
[EventCountry "COL"]
[SourceTitle "CBM 170 Extra"]
[Source "ChessBase"]
[SourceDate "2016.02.25"]
[SourceVersion "1"]
[SourceVersionDate "2016.02.25"]
[SourceQuality "1"]

1. e4 c5 2. Nf3 d6 3. d4 cxd4 4. Nxd4 Nc6 5. Nc3 a6 6. a4 Nxd4 7. Qxd4 e5 8. Qd3 Bd7 9. Be3 Nf6 10. Be2 Bc6 11. Nd5 Nxd5 12. exd5 Qa5+ 13. c3 Qxd5 14. Qxd5 Bxd5 15. 0-0 Be7 16. Rfd1 Bc6 17. c4 0-0 18. b4 Rac8 19. b5 axb5 20. cxb5 Be4 21. f3 Bf5 22. Bb6 Be6 23. a5 d5 24. a6 bxa6 25. bxa6 Bc5+ 26. Bxc5 Rxc5 27. a7 Ra8 28. Rdb1 Rcc8 29. Bb5 g6 30. Bc6 Rxc6 31. Rb8+ Rc8 32. Rxc8+ Bxc8 33. Kf2 Kf8 0-1

[Event "Villamaria Nacional U2200"]
[Site "Villamaria"]
[Date "2015.12.05"]
[Round "4.14"]
[White "Dabraccio, Guillermo"]
[Black "Castano Olaya, Jair"]
[Result "1-0"]
[WhiteElo "1727"]
[BlackElo "1562"]
[PlyCount "65"]
[EventDate "2015.12.04"]
[EventType "swiss"]
[EventRounds "7"]
[EventCountry "COL"]
[SourceTitle "EXT 2024"]
[Source "ChessBase"]
[SourceDate "2023.10.10"]
[SourceVersion "1"]
[SourceVersionDate "2023.10.10"]
[SourceQuality "1"]

1. d4 Nf6 2. Nf3 g6 3. b3 Bg7 4. Nbd2 0-0 5. e4 d6 6. Ba3 Nc6 7. Bb5 Bd7 8. 0-0 e5 9. Bxc6 Bxc6 10. dxe5 Nxe4 11. Nxe4 Bxe4 12. Re1 Bxf3 13. Qxf3 Bxe5 14. Rxe5 dxe5 15. Bxf8 Kxf8 16. Qxb7 f5 17. Re1 a5 18. Qb5 e4 19. Qe5 c6 20. Qh8+ Kf7 21. Qxh7+ Kf6 22. Qh4+ Kf7 23. Qf4 c5 24. h4 a4 25. Rxe4 axb3 26. axb3 Kg7 27. Rc4 g5 28. Qxf5 Ra1+ 29. Kh2 Qd6+ 30. g3 Qd1 31. Qxg5+ Kf7 32. Rf4+ Ke6 33. Qg4+ 1-0

[Event "Villamaria Nacional U2200"]
[Site "Villamaria"]
[Date "2015.12.04"]
[Round "1.13"]
[White "Zuluaga, Nicolas"]
[Black "Castano Olaya, Jair"]
[Result "1-0"]
[WhiteElo "1772"]
[BlackElo "1562"]
[PlyCount "103"]
[EventDate "2015.12.04"]
[EventType "swiss"]
[EventRounds "7"]
[EventCountry "COL"]
[SourceTitle "EXT 2024"]
[Source "ChessBase"]
[SourceDate "2023.10.10"]
[SourceVersion "1"]
[SourceVersionDate "2023.10.10"]
[SourceQuality "1"]

1. e4 c5 2. Nf3 Nc6 3. d4 cxd4 4. Nxd4 e5 5. Nb3 d6 6. Nc3 Be6 7. Be3 Nf6 8. f3 Be7 9. Qd2 0-0 10. Bd3 Re8 11. Nd5 Bf8 12. Bg5 Bxd5 13. exd5 Nb8 14. Na5 Qb6 15. Nc4 Qd8 16. Qb4 Qc7 17. Bxf6 gxf6 18. Ne3 a5 19. Qg4+ Kh8 20. Qf5 e4 21. Bxe4 Rxe4 22. fxe4 Nd7 23. 0-0 Ne5 24. Qxf6+ Bg7 25. Qh4 Qc5 26. Rae1 Ng6 27. Qf2 Rf8 28. Nf5 Qxf2+ 29. Kxf2 Be5 30. g3 Kg8 31. c3 Rc8 32. Ke3 Rc7 33. Rf2 b5 34. Ref1 f6 35. a3 b4 36. axb4 axb4 37. cxb4 Rb7 38. Ra1 Rxb4 39. Ra8+ Kf7 40. Rc2 Rb3+ 41. Ke2 Rb7 42. b4 Ne7 43. Nxe7 Rxe7 44. Rac8 f5 45. R8c7 fxe4 46. Ke3 h5 47. Rxe7+ Kxe7 48. Kxe4 Bf6 49. b5 Kd7 50. b6 Bd8 51. b7 Bc7 52. Kf5 1-0

[Event "Risarald op"]
[Site "Risarald"]
[Date "2015.06.15"]
[Round "7"]
[White "Espana Londono, Angie Lorena"]
[Black "Castano Olaya, Jair"]
[Result "0-1"]
[WhiteElo "1650"]
[BlackElo "1554"]
[PlyCount "84"]
[EventDate "2015.06.12"]
[EventType "swiss"]
[EventRounds "7"]
[EventCountry "COL"]
[SourceTitle "CBM 167 Extra"]
[Source "ChessBase"]
[SourceDate "2015.09.14"]
[SourceVersion "1"]
[SourceVersionDate "2015.09.14"]
[SourceQuality "1"]

1. e4 c5 2. Nf3 Nc6 3. d4 cxd4 4. Nxd4 e5 5. Nf3 d6 6. Nc3 Nf6 7. Bd3 Be6 8. 0-0 h6 9. Bd2 Be7 10. Re1 0-0 11. Ne2 Bg4 12. Ng3 Nd4 13. Be2 Nxe2+ 14. Qxe2 Rc8 15. c3 Nh5 16. Nxh5 Bxh5 17. h3 Qd7 18. Qd3 Bg6 19. Rad1 f5 20. exf5 Bxf5 21. Qd5+ Be6 22. Qa5 b6 23. Qa6 Bc4 24. Qa3 Rc5 25. b4 Rcc8 26. Be3 Qb7 27. Nd2 Bd5 28. Kh2 Ra8 29. Ra1 a5 30. bxa5 Rxa5 31. Qb2 b5 32. c4 Bc6 33. cxb5 Rxb5 34. Qc2 Ra8 35. Rab1 Raa5 36. Rxb5 Rxb5 37. Qg6 h5 38. Qxh5 e4 39. Qg4 Bd7 40. Qxe4 Bc6 41. Qe6+ Kf8 42. Qf5+ Rxf5 0-1